Financial management / (Record no. 71765)

MARC details
000 -LEADER
fixed length control field 00826nam a22002537a 4500
005 - DATE AND TIME OF LATEST TRANSACTION
control field 20121203105620.0
008 - FIXED-LENGTH DATA ELEMENTS--GENERAL INFORMATION
fixed length control field 121203t xxu||||| |||| 00| 0 eng d
010 ## - LCCN (DPL NO)
LC control number ENG-106323
020 ## - INTERNATIONAL STANDARD BOOK NUMBER
International Standard Book Number 9788182093225
Terms of availability 395.00
020 ## - INTERNATIONAL STANDARD BOOK NUMBER
International Standard Book Number 8182093228
Terms of availability 395.00
035 ## - SYSTEM CONTROL NUMBER
System control number EN-89856
037 ## - SOURCE OF ACQUISITION
Source of stock number/acquisition DBAD/PUB
040 ## - CATALOGING SOURCE
Original cataloging agency DPL
Language of cataloging Eng
082 ## - DEWEY DECIMAL CLASSIFICATION NUMBER
Classification number 658.15
100 ## - MAIN ENTRY--PERSONAL NAME
Personal name Periasamy, P.
9 (RLIN) 53977
245 ## - TITLE STATEMENT
Title Financial management /
Statement of responsibility, etc by P. Periasamy
250 ## - EDITION STATEMENT
Edition statement 3rd ed
260 ## - PUBLICATION, DISTRIBUTION, ETC. (IMPRINT)
Place of publication, distribution, etc New Delhi
Name of publisher, distributor, etc Tata MaGraw Hill
Date of publication, distribution, etc 2011
270 ## - ADDRESS
Address 7, West Patel Nagar
City New Delhi
Postal code 110008
300 ## - PHYSICAL DESCRIPTION
Extent Various pagings
Dimensions 24cm(pbk)
500 ## - GENERAL NOTE
General note Includes index
942 ## - ADDED ENTRY ELEMENTS (KOHA)
Source of classification or shelving scheme Dewey Decimal Classification
Item type English Books
Call number suffix PER
Classification part 658.15
Holdings
Withdrawn status Lost status Source of classification or shelving scheme Damaged status Not for loan Collection code Home library Current library Date acquired Cost, normal purchase price Total Checkouts Full call number Barcode Date last seen Cost, replacement price Koha item type
    Dewey Decimal Classification     Non-fiction D.B.Act.Division D.B.Act.Division 03/12/2012 395.00   658.15 PER EN-89856 03/12/2012 395.00 English Books

© Delhi Public Library
Hit Counter
free hit counter